BIBLIOTHÈQUE DE LA MAISON DU MEXIQUE

Logo 1 Logo 2

Los refugiados españoles y la cultura mexicana (notice nᵒ 10694)

détails MARC
000 -Sello discográfico
campo de control de longitud fija 01702nam a2200433 4500
005 - Identificación de versión
campo de control 20251016085007.0
010 ## - Número Estándar Internacional de Libros (ISBN)
Número (ISBN) 968-12-0955-9
035 ## - Otros números de control del sistema
Número de control del sistema 3622
099 ## - fechas locales
Tipo de ítem Koha LIBRO
100 ## - Datos de procesamiento general
Datos de procesamiento general 20040212d1996 m y1spay5003 ba
105 ## - Campo de datos codificados: Material textual, monográfico
Datos codificados de monografía y 101zy
200 1# - Título y mención de responsabilidad
Título propio Los refugiados españoles y la cultura mexicana
Designación general del material texto impreso
Otra información del título actas de las segundas jornadas celebradas en El Colegio de México en noviembre de 1996
Primer mención de responsabilidad James Valender, Rose Corral, Juan Manuel Díaz de Guereñu, ... [et al.]
210 ## - Publicación, distribución, etc.
Lugar de publicación, distribución, etc. México
Nombre del editor, distribuidor, etc. El Colegio de México
-- Residencia de Estudiantes
Fecha de publicación, distribución, etc. 1999
215 ## - Descripción física
Designación de material específico y extensión del ítem 497 p
Dimensiones 24 cm
318 ## - Nota de acción
Acción No se presta a domicilio
345 ## - Nota de información de adquisición
Fuente de adquisición/dirección de la suscripción [OBSOLETO] Donación
606 ## - Término temático usado como materia
Elemento de entrada Españoles en México
Subdivisión temática Congresos
Número Koha 14134
606 ## - Término temático usado como materia
Elemento de entrada Intelectuales
Subdivisión geográfica España
Subdivisión temática Congresos
Número Koha 14135
607 ## - Nombre geográfico utilizado como tema
Elemento de entrada España
Subdivisión temática Historia
Subdivisión cronológica Guerra civil, 1936-1939
Subdivisión temática Refugiados
-- Congresos
Número Koha 14136
607 ## - Nombre geográfico utilizado como tema
Elemento de entrada México
Subdivisión temática Vida intelectual
Subdivisión cronológica Siglo XX
Subdivisión temática Congresos
Número Koha 14137
660 ## - Código de área geográfica
Código MX
700 ## - Nombre personal - Responsabilidad primaria
Elemento de entrada Valender Webb
Parte del nombre distinta del elemento de entrada Arthur James
Fechas 1950-
Número Koha 7362
701 ## - Nombre personal - Responsabilidad alternativa
Elemento de entrada Corral Jorda
Parte del nombre distinta del elemento de entrada Rose
Número Koha 7360
701 ## - Nombre personal - Responsabilidad alternativa
Elemento de entrada Díaz de Guereñu
Parte del nombre distinta del elemento de entrada Juan Manuel
Número Koha 17169
710 ## - Nombre de entidad corporativa - Responsabilidad primaria
Elemento de entrada Jornadas sobre los Refugiados Españoles y la Cultura Mexicana
Número de reunión y/o número de parte de la reunión 2
Fecha de la reunión Noviembre de 1996
Lugar de la reunión México
Número Koha 17170
801 #0 - Fuente de origen
Agencia cm
900 ## -
-- 1/6370
900 ## -
-- 7100418132\120204
942 ## - ELEMENTOS DE ENTRADA SECUNDARIOS (KOHA)
Tipo de ítem Koha Livre
996 ## -
-- MEX
-- 751145101
-- MMAG
-- 012992
-- R325.2 J82R
-- 20250424LIV
996 ## -
-- MEX
-- 751145101
-- MMAG
-- 012993
-- 325.2 J82R
-- 20250424LIV
Exemplaires
Estatus retirado Estado de daño Estado de pérdida Fecha de adquisición Biblioteca de origen Biblioteca actual Ubicación en estantería Código de barras Precio de reemplazo Signatura topográfica completa No para préstamo Tipo de ítem Koha Nota pública Nota no pública
      05/08/2025 Casa México Paris Casa México Paris   012993 05/08/2025 325.2 J82R No se presta a domicilio Livre 20250424LIV 751145101